Catálogo
 En Linea

Galaxia -x-9 : (Registro nro. 24901)

Detalles MARC
000 -CABECERA
campo de control de longitud fija 00539nam a2200193 a 4500
001 - NÚMERO DE CONTROL
campo de control 000025409
005 - FECHA Y HORA DE LA ÚLTIMA TRANSACCIÓN
campo de control 20200930023752.0
008 - DATOS DE LONGITUD FIJA--INFORMACIÓN GENERAL
campo de control de longitud fija 110215s1997 ck r 001 0 spa d
020 ## - NÚMERO INTERNACIONAL ESTÁNDAR DEL LIBRO
Número Internacional Estándar del Libro 9589196284
040 ## - FUENTE DE LA CATALOGACIÓN
Centro catalogador/agencia de origen DO-SdBNP
Lengua de catalogación spa
Centro/agencia transcriptor BNPHU
082 ## - NÚMERO DE LA CLASIFICACIÓN DECIMAL DEWEY
Número de clasificación nn*
Número de documento/Ítem nn*
049 ## - FONDOS LOCALES (OCLC)
Fondos de biblioteca BNGR
100 1# - ENTRADA PRINCIPAL--NOMBRE DE PERSONA
Nombre de persona Novi, Vitko.
9 (RLIN) 52012
245 10 - MENCIÓN DE TÍTULO
Título Galaxia -x-9 :
Resto del título apu, un mundo sin dinero /
Mención de responsabilidad, etc. Vitko Novi.
250 ## - MENCIÓN DE EDICIÓN
Mención de edición 2a ed.
260 ## - PUBLICACIÓN, DISTRIBUCIÓN, ETC.
Lugar de publicación, distribución, etc. Santafé de Bogotá :
Nombre del editor, distribuidor, etc. Solar,
Fecha de publicación, distribución, etc. 1997.
300 ## - DESCRIPCIÓN FÍSICA
Extensión 267 p. ;
Dimensiones 20 cm.
500 ## - NOTA GENERAL
Nota general La biblioteca sólo posee el tomo 3.
Existencias
Estado de retiro Estado de pérdida Restricciones de uso No para préstamo Código de colección Localización permanente Ubicación/localización actual Ubicación en estantería Fecha de adquisición Número de inventario Total de préstamos Signatura topográfica completa Código de barras Fecha visto por última vez Precio válido a partir de Tipo de ítem Koha
        Monografías: Libros y Folletos General General En catalogación 15.02.2011 LF1   nn* nn* 25409-10 25.06.2020 25.06.2020 Préstamo en sala

Con tecnología Koha